00424nam a22001337a 4500040000900000082001500009100002300024245002800047260004400075650003600119942001200155999001900167952010400186 cNust a297.7bMAS aMasood Mufti99766 aIsamic Names Dictionary aLahore:bIlm-o-Irfan Publishers,c2002. aIsamic Names Dictionary9125220 2ddccBK c610991d610991 00102ddc4070aCEMEbCEMEcGENd2024-08-20l0o297.7 MASpCEME- 39914r2024-08-20w2024-08-20yBK